Регионална библиотека "Любен Каравелов" - Русе

Българската монархия (Запис номер 437960)

MARC детайли
000 -Лидер
Контролно поле с фиксирана дължина 01488nam a2200313 a 4500
003 - Код на организацията, давaща контролен номер
Контролно поле BLK
005 - Дата и час на последна редакция
Контролно поле 20250710122227.0
008 - Елементи от данни с фиксирана дължина
fixed length control field 211123b bul|||||r ||||||| ||bul||
020 ## - Международен стандартен номер на книга ISBN
Международен стандартен номер на книга ISBN 9786197106534
040 ## - Източник на каталожния запис
Идентификатор на билиотеката - собственик на записа BLK
041 ## - Код за език
Код за езика на текст/звукозапис или на отделно заглавие Български
Код за езика КДБФ Български
080 ## - УДК
Текстов определител УДК Българско средновековие (VІІ - ХІV век)
УДК код - определител по УДК 94(497.2)"06/13"
УДК - код + определител 94(497.2)"06/13"
100 ## - Редна дума - Автор
Автор Николов-Зиков, Петър Николаев
Авторска отговорност първи автор
R(LIN) 467834
139 ## - Редно поле
Редна дума Николов-Зиков, Петър Николаев
Авторски знак Николо - Н 74
245 10 - Сведения за заглавието
Заглавие Българската монархия
Подзаглавни данни [Ч.] 1 -
Редно поле (дума) Петър Николов-Зиков ; Науч. ред. Владимир Миланов
Том Ч. 2
Заглавие на том Царе и богове : 765-893
260 ## - Област на издателските данни
Място на издаване, разпространение и проч. София
Име на издателя, разпространителя и проч. A&T Publishing
Година на издаване 2020
9 (RLIN) 489074
Издателство - префикс ISBN 978-954-362- ; 954-9811-
Печатница Костинброд : Мултипринт
300 ## - Физическа характеристика
Размери/Мащаб 22 см
380 ## - Жанр
Жанр История
650 #0 - Допълнително описание по предмет – тема
Основно описание – тема или топоним Родове, български
9 (RLIN) 242498
650 #7 - Допълнително описание по предмет – тема
Основно описание – тема или топоним Владетели, български
9 (RLIN) 150894
653 #7 - Ключова дума – ненормативна
Ключова дума средновековна история
9 (RLIN) 197229
653 #7 - Ключова дума – ненормативна
Ключова дума българска история
9 (RLIN) 182637
760 ## - Описание на основната серия
Редна дума на основното описание Николов-Зиков, Петър Николаев
Място на издаване, издател и година София, 2020
Страници - том 432 с., 16 л. : ил.
Част - том Ч. 2
Заглавие Царе и богове : 765-893
852 ## - Местоположение
Фондова буква Заемна - подръчен фонд
Систематично-азбучна сигнатура 94(497.2)"06/17"/Н 74 П
942 ## - АРТИКУЛИ
Вид на библиотечния материал Книги
Скрит в OPAC Не
Периодичен библиозапис Да
Koha issues (borrowed), all copies 12
944 ## - СЪЗДАВАНЕ И РЕДАКЦИЯ на ЗАПИСА
Създаване/Редакция Създаване
Дата на регистрацията/редакция 2021-11-23
Служител, извършил регистрацията/редакцията 30575
Статус, дата на статуса Мартин Енчев
999 ## - СИСТЕМНИ КОНТРОЛНИ НОМЕРА
Koha biblionumber 437960
Koha biblioitemnumber 437960
999 ## - СИСТЕМНИ КОНТРОЛНИ НОМЕРА
Koha biblioitemnumber 437960
999 ## - СИСТЕМНИ КОНТРОЛНИ НОМЕРА
Koha biblioitemnumber 437960
Наличности
Код за отписване Код за изгубен артикул Източник на класификационната схема Код за повреда Коз за рестрикции Код за отдаване Артикулен № Име на библиотеката - собственик Име на библиотеката, в която се намира в момента Статус (Текущо местоположение) Дата на вписване в системата Местоположение - отдел Цена в лева Систематично азбучна сигнатура Баркод Цена в евро Служебен тип на артикула
  Не е изгубен Universal Decimal Classification Не е повреден без рестрикции заемане за дома 863565 Регионална библиотека "Любен Каравелов" Русе Регионална библиотека "Любен Каравелов" Русе Заемна - подръчен фонд 2021-11-24 Заемна - подръчен фонд 15.92 94(497.2)"06/17"/Н 74 П 120000863019 8.14 Книги
  Не е изгубен Universal Decimal Classification Не е повреден без рестрикции заемане за дома 863566 Регионална библиотека "Любен Каравелов" Русе Регионална библиотека "Любен Каравелов" Русе Заемна - подръчен фонд 2021-11-24 Заемна - подръчен фонд 15.92 94(497.2)"06/17"/Н 74 П 120000863020 8.14 Книги
Vip Innovations Ltd, Rousse, Bulgaria 2025